Riadiaci a vizualizačný systém pre laboratórny model manipulátora

Gespeichert in:
Bibliographische Detailangaben
1. Verfasser: Ulej, Ján (Verfasst von)
Weitere Verfasser: Cigánek, Ján (Betreuung Doktorarbeit)
Format: Manuskript Buch
Sprache:Slowakisch
Veröffentlicht: Bratislava : STU v Bratislave FEI, 2025
Schlagworte:
Online-Zugang:https://opac.crzp.sk/?fn=detailBiblioFormChildCQ7NB&sid=8D80AD18777FCC7F65B5BC4DC29E&seo=CRZP-detail-kniha
Tags: Tag hinzufügen
Keine Tags, Fügen Sie das erste Tag hinzu!

MARC

LEADER 00000ntm a22000003a 4500
001 stuzp103940
003 SK-STU
005 20251104132843.8
007 ta
008 150427s2015----xo-----f-mn---000-0-slo-d
040 |a STU  |b slo 
041 0 |a slo 
044 |a xo 
100 1 |a Ulej, Ján  |u 030400  |4 aut  |U FEI Fakulta elektrotechniky a informatiky  |T FEI Ústav automobilovej mechatroniky  |X 120656  |U E400  |Y 642  |7 120656 
242 0 1 |a Control and visualization system for laboratory manipulator model  |y eng 
245 1 0 |a Riadiaci a vizualizačný systém pre laboratórny model manipulátora 
260 |a Bratislava :  |b STU v Bratislave FEI,  |c 2025 
300 |a 54 s. 
650 4 |a SCADA  |2 slo 
650 4 |a HMI  |2 slo 
650 4 |a manipulátor  |2 slo 
650 4 |a PLC  |2 slo 
650 4 |a riadiaci systém  |2 slo 
650 4 |a vizualizačný systém  |2 slo 
650 4 |a Hanojská veža  |2 slo 
650 4 |a SCADA  |2 eng 
650 4 |a HMI  |2 eng 
650 4 |a PLC  |2 eng 
650 4 |a manipulator  |2 eng 
650 4 |a control system  |2 eng 
650 4 |a visualization system  |2 eng 
650 4 |a Tower of Hanoi  |2 eng 
700 1 |a Cigánek, Ján  |u 030400  |k Z1  |4 ths  |U FEI Fakulta elektrotechniky a informatiky  |T FEI Ústav automobilovej mechatroniky  |X 10327  |U E400  |Y 642  |7 10327 
856 4 |u https://opac.crzp.sk/?fn=detailBiblioFormChildCQ7NB&sid=8D80AD18777FCC7F65B5BC4DC29E&seo=CRZP-detail-kniha